| 000 | 00499nam a22001817a 4500 | ||
|---|---|---|---|
| 003 | CEME | ||
| 005 | 20210628204203.0 | ||
| 008 | 210121b xxu||||| |||| 00| 0 eng d | ||
| 020 | _a81-7992-281-2 | ||
| 040 | _cceme | ||
| 082 | _a629.892 LYS | ||
| 100 |
_aLyshevski, Sergey Edward _969191 |
||
| 245 | _aControl systems, theory with engineering applications | ||
| 260 |
_aDELHI _bJAICO PUBLISHING _c2004 |
||
| 300 | _aXI,416P | ||
| 650 |
_aCONTROL SYSTEMS ENGINEERING. _969192 |
||
| 942 |
_cBK _2ddc |
||
| 999 |
_c576566 _d576566 |
||